Budúcnosť patrí lítiu
Dohoda o znížení ťažby ropy Organizácie krajín vyvážajúcich ropu (OPEC) by mala zredukovať prebytky ropy na trhu a zvýšiť cenu čierneho zlata. Nové trendy v doprave ovplyvnia spotrebu ropy. Každá automobilka má už plán B: elektromobil. Zmena bude mať ďalekosiahle dôsledky pre spracovateľov ropy a pe...
Guardado en:
| Autor principal: | |
|---|---|
| Formato: | Capítulo de libro |
| Lenguaje: | eslovaco |
| Materias: | |
| Etiquetas: |
Sin Etiquetas, Sea el primero en etiquetar este registro!
|
MARC
| LEADER | 00000naa a2200000 4500 | ||
|---|---|---|---|
| 001 | 0226117 | ||
| 005 | 20231113105843.1 | ||
| 041 | 0 | |a slo | |
| 044 | |a SK | ||
| 245 | 1 | 0 | |a Budúcnosť patrí lítiu |c Milan Debnár |
| 520 | |a Dohoda o znížení ťažby ropy Organizácie krajín vyvážajúcich ropu (OPEC) by mala zredukovať prebytky ropy na trhu a zvýšiť cenu čierneho zlata. Nové trendy v doprave ovplyvnia spotrebu ropy. Každá automobilka má už plán B: elektromobil. Zmena bude mať ďalekosiahle dôsledky pre spracovateľov ropy a petrochemický priemysel. Využitie nafty v doprave je terčom čoraz ostrejšej kritiky v súvislosti s kvalitou ovzdušia. Rozvojom lítiových batérií sa elektromobily stávajú hitom súčasnosti. 50-70 percent celosvetových zásob lítia sa nachádza v Bolívii v soľnom jazere. Medzi bolívijskými a nemeckými partnermi bola podpísaná dohoda o tom, že bolívijská vláda chce do získavania lítia investovať 600 miliónov dolárov. Bolívia sa tak s nemeckou pomocou stane najväčším svetovým producentom lítia. | ||
| 610 | 2 | 0 | |a ropa |
| 610 | 2 | 0 | |a ťažba surovín |
| 610 | 2 | 0 | |a benzín |
| 610 | 2 | 0 | |a automobily osobné |
| 610 | 2 | 0 | |a elektromobily |
| 610 | 2 | 0 | |a spolupráca medzinárodná |
| 610 | 2 | 0 | |a soľ |
| 610 | 2 | 0 | |a Bolívia |
| 100 | 1 | |a Debnár, Milan | |